Ekipa bladiego - Statystyki

Ogólne statystyki
  • Ten quiz został rozwiązany 245 razy
  • Średni wynik to 6 z 15
Statystyki odpowiedzi
Zgadnij Odpowiedź % Poprawnych
Nagrywa gta i colony survival Plaga
86%
Ma zepsuty mikrofon i skina pandy w gary's modzie Diabeuu
82%
W gary's modzie ma skina janusza Dobrodziej
75%
Dawny najlepszy przyjaciel bladiego Admiros
65%
Nagrywa minecrafta i tabsa Flothar
56%
Ma '' zeński'' nick w gary's modzie Eybi
45%
Ma skina tinky winky w gary's modzie Paveł
43%
Nagrywa gta house flipper'a i thief simulator Hogaty
33%
Nagrywa na swoim kanele brawl stars i zooba Hadesiak
31%
Jest rosyjskim naukowcem Hubert moszka
30%
Ma skina szopa w gary's modzie VGZ
29%
Nagrywa minecrafta i nagrywał pain the Town red Matyniu
19%
Nagrywa z gta z innym kolegom bladiego Shepard
10%
Nagrywa z innym kolegom bladiego Sylo
10%
Występował w jednym z odcinków bladiego The Hunter
4%
Nie znaleziono quizów pasujących do podanych kryteriów
Rozkład punktacji
Procent ludzi z każdym wynikiem
Percentyl według liczby udzielonych odpowiedzi
Twoja historia wyników
Nie rozwiązałeś tego quizu